Normal view MARC view
  • Karvinen K. & Karvinen T

Entry Personal Name

Number of records used in: 3

001 - CONTROL NUMBER

  • control field: 197468

003 - CONTROL NUMBER IDENTIFIER

  • control field: OSt

005 - DATE AND TIME OF LATEST TRANSACTION

  • control field: 20230714215238.0

008 - FIXED-LENGTH DATA ELEMENTS

  • fixed length control field: 230714|| aca||aabn | a|a d

040 ## - CATALOGING SOURCE

  • Original cataloging agency: OSt
  • Transcribing agency: OSt

100 ## - HEADING--PERSONAL NAME

  • Personal name: Karvinen K. & Karvinen T

670 ## - SOURCE DATA FOUND

  • Source citation: Work cat.: (OSt)215031: Karvinen K. 197467, Getting Started With Sensors, 2014